000 00303nam a22001337a 4500
008 181031b xxu||||| |||| 00| 0 eng d
020 _a0314852158
041 _aeng
080 _a370
100 _a45
101 _aEDU
245 _aReading Enhacement And Development
_cHolt.R
942 _2udc
_cBK
999 _c51359
_d51359